000 00691nam a22002297a 4500
003 UA-OsUOA
001 77525
007 ta
008 20110916b un ||||| |||| 00| 0 ukr d
100 _aЛясс Н. В.
090 _a343.13
_bЛ97
942 _cBK
040 _aUA-OsUOA
_brus
_cUA-OsUOA
_dUA-OsUOA
245 _aПроблемы вины и уголовной ответственности в современных буржуазних теориях
300 _a124 с.
955 _a2
041 _arus
080 _a343.13
260 _aЛенинград
_c1977
650 7 _a343 Кримінальне право. Карні порушення
_2UDC
999 _c363829
_d363829